000 00465nam a22001457a 4500
020 _qPB.
040 _cFIZZA ISHAQ
082 _a914.7
_bRIH
100 _a Riha , Thomas.
_9133824
245 _aReadings in Russian Civilization Volume II: Imperial Russia, 1700-1917 Revised Edition /
_cThomas Riha.
250 _a2ND ED Revised.
260 _aLondon:
_b University of Chicago Press,
_c1970.
300 _a500 P. ;
_c‎ 8.99 x 6.08 x 0.62 inches
942 _2ddc
_cBK
999 _c616795
_d616795